000 00287nam a2200121Ia 4500
100 _aMicrosoft Cobol
942 _cRB
654 _aLanguage Reference
245 _aInstalling & Using The Professional Development .Version 4.5
260 _bMicrosoft
546 _aENGLISH
999 _c31980
_d31980